The Belize city poem / (Record no. 1377)

MARC details
000 -LEADER
campo de control de longitud fija 00591nam a22001937a 4500
008 - DATOS DE LONGITUD FIJA--INFORMACIÓN GENERAL
campo de control de longitud fija 171129s1996 bh||||| |||| 00| 0 eng d
082 04 - NÚMERO DE LA CLASIFICACIÓN DECIMAL DEWEY
Número de clasificación 861.728.2
Número de ítem M985b
100 1# - ENTRADA PRINCIPAL--NOMBRE DE PERSONA
Nombre de persona Musa, Yasser.
9 (RLIN) 6124
245 14 - MENCIÓN DEL TÍTULO
Título The Belize city poem /
Mención de responsabilidad, etc. Yasser Musa ; introducción por Jules Vasquez.
250 ## - MENCION DE EDICION
Mención de edición 1a edición.
260 ## - PUBLICACIÓN, DISTRIBUCIÓN, ETC.
Lugar de publicación, distribución, etc. Belice :
Nombre del editor, distribuidor, etc. Factory Books,
Fecha de publicación, distribución, etc. 1996.
300 ## - DESCRIPCIÓN FÍSICA
Extensión 13 páginas.
653 10 - TÉRMINO DE INDIZACIÓN--NO CONTROLADO
Término no controlado Literatura
653 10 - TÉRMINO DE INDIZACIÓN--NO CONTROLADO
Término no controlado Literatura Centroamericana
653 10 - TÉRMINO DE INDIZACIÓN--NO CONTROLADO
Término no controlado Poesía - Belice
653 10 - TÉRMINO DE INDIZACIÓN--NO CONTROLADO
Término no controlado Literatura Latinoamericana
653 10 - TÉRMINO DE INDIZACIÓN--NO CONTROLADO
Término no controlado Artistas visuales
700 1# - ENTRADA AGREGADA--NOMBRE PERSONAL
Nombre de persona Vasquez, Jules.
9 (RLIN) 6125
Holdings
Estatus retirado Estado de pérdida Fuente del sistema de clasificación o colocación Estado de daño No para préstamo Biblioteca de origen Biblioteca actual Ubicación en estantería Fecha de adquisición Total de préstamos Signatura topográfica completa Código de barras Visto por última vez Precio de reemplazo Tipo de ítem Koha
    Clasificación Decimal Dewey     Biblioteca LadoV Biblioteca LadoV   29/11/2017   861.728.2 M985b 000355 29/11/2017 29/11/2017 Material 01